Planning better program
The book presents a comprehensive review of program development concentrating on fifteen relevant concepts, with practical suggestions for application. It also provides a perspective of problem-solving programming as a major focus in continuing education today
Αποθηκεύτηκε σε:
| Κύριος συγγραφέας: | |
|---|---|
| Μορφή: | Βιβλίο |
| Γλώσσα: | Undetermined |
| Έκδοση: |
New York
McGraw-Hill
1981
|
| Θέματα: | |
| Ετικέτες: |
Προσθήκη ετικέτας
Δεν υπάρχουν, Καταχωρήστε ετικέτα πρώτοι!
|
| Thư viện lưu trữ: | Trung tâm Học liệu Trường Đại học Cần Thơ |
|---|
| LEADER | 00762nam a2200193Ia 4500 | ||
|---|---|---|---|
| 001 | CTU_22379 | ||
| 008 | 210402s9999 xx 000 0 und d | ||
| 082 | |a 374 | ||
| 082 | |b B792 | ||
| 100 | |a Patrick G Boyle | ||
| 245 | 0 | |a Planning better program | |
| 245 | 0 | |c Patrick G Boyle | |
| 260 | |a New York | ||
| 260 | |b McGraw-Hill | ||
| 260 | |c 1981 | ||
| 520 | |a The book presents a comprehensive review of program development concentrating on fifteen relevant concepts, with practical suggestions for application. It also provides a perspective of problem-solving programming as a major focus in continuing education today | ||
| 650 | |a adult education,continuing education | ||
| 904 | |i Minh, 980423 | ||
| 980 | |a Trung tâm Học liệu Trường Đại học Cần Thơ | ||